[Event "Hannover Region-ch op"]
[Site "Hannover"]
[Date "2003.02.08"]
[Round "3"]
[White "Westermann, Edmund"]
[Black "Schimmelpfennig, Bernhard"]
[Result "0-1"]
[WhiteElo "1435"]
[BlackElo "1860"]
[PlyCount "72"]
[EventDate "2003.01.25"]
[EventType "swiss"]
[EventRounds "7"]
[EventCountry "GER"]
[SourceTitle "EXT 2022"]
[Source "ChessBase"]
[SourceDate "2021.10.06"]
[SourceVersion "1"]
[SourceVersionDate "2021.10.06"]
[SourceQuality "1"]

1. c4 c5 2. Nc3 Nc6 3. g3 Nf6 4. Bg2 e6 5. e4 d6 6. Nge2 Be7 7. d4 cxd4 8. Nxd4 Bd7 9. 0-0 0-0 10. Be3 Ne5 11. b3 Neg4 12. Re1 Nxe3 13. Rxe3 Rb8 14. Ndb5 Bxb5 15. Nxb5 Qb6 16. Qe2 Nd7 17. Rd1 Ne5 18. Nd4 Rbd8 19. Nf3 Ng6 20. Red3 e5 21. Qe3 Qa5 22. Qd2 Qc7 23. Ne1 f5 24. exf5 Rxf5 25. Be4 Rf6 26. Qe2 Nf8 27. Nf3 Ne6 28. Nh4 Nd4 29. Qh5 Rh6 30. Qg4 Bxh4 31. gxh4 Qe7 32. Rg3 Rxh4 33. Qg5 Qxg5 34. Rxg5 Rxe4 35. Kg2 Re2 36. Rd3 Rf8 0-1

[Event "Hannover Region-ch op"]
[Site "Hannover"]
[Date "2003.01.25"]
[Round "1"]
[White "Floerchinger, Ludolf"]
[Black "Schimmelpfennig, Bernhard"]
[Result "1-0"]
[WhiteElo "1440"]
[BlackElo "1860"]
[PlyCount "41"]
[EventDate "2003.01.25"]
[EventType "swiss"]
[EventRounds "7"]
[EventCountry "GER"]
[SourceTitle "EXT 2022"]
[Source "ChessBase"]
[SourceDate "2021.10.06"]
[SourceVersion "1"]
[SourceVersionDate "2021.10.06"]
[SourceQuality "1"]

1. e4 c5 2. Nc3 Nc6 3. f4 e6 4. Nf3 d6 5. Bc4 a6 6. a4 Na5 7. Ba2 Be7 8. 0-0 Nh6 9. d3 0-0 10. f5 exf5 11. Bxh6 gxh6 12. Qd2 fxe4 13. Nxe4 d5 14. Ng3 Bg5 15. Nxg5 hxg5 16. Rae1 Nc6 17. Nh5 h6 18. Bxd5 Qa5 19. Qe3 Qd8 20. Nf6+ Kh8 21. Qxc5 1-0